[Event "USA-ch Online Qualifier 2021"]
[Site "Online"]
[Date "2020.12.15"]
[Round "3.4"]
[White "Yoo, Christopher Woojin"]
[Black "Naroditsky, Daniel"]
[Result "1-0"]
[WhiteElo "2455"]
[BlackElo "2621"]
[Annotator "RC"]
[PlyCount "129"]
[EventDate "2020.12.11"]
[EventType "tourn"]
[EventCountry "NET"]
[SourceTitle "playchess.com"]
[Source "ChessBase"]
[SourceQuality "1"]
[TimeControl "5400+30"]

1. e4 {[%emt 0:00:01]} c5 {[%emt 0:00:13]} 2. Nc3 {[%emt 0:00:02]} e6 {[%emt 0:00:29]} 3. Nge2 {[%emt 0:00:06]} Nc6 {[%emt 0:00:42]} 4. g3 {[%emt 0:00:02]} d5 {[%emt 0:02:55]} 5. exd5 {[%emt 0:00:03]} exd5 {[%emt 0:00:00]} 6. d4 {[%emt 0:00:01]} Bg4 {[%emt 0:06:25]} 7. Bg2 {[%emt 0:00:03]} Nxd4 {[%emt 0:03:31]} 8. h3 {[%emt 0:00:03]} Bf3 {[%emt 0:05:12]} 9. Kf1 {[%emt 0:00:03]} Nxe2 {[%emt 0:14:29]} 10. Bxf3 {[%emt 0:00:18]} Nxc3 {[%emt 0:00:01]} 11. bxc3 {[%emt 0:00:02]} Nf6 {[%emt 0:00:00]} 12. Rb1 {[%emt 0:06:54]} Qd7 {[%emt 0:05:54]} 13. c4 {[%emt 0:06:32]} Rd8 {[%emt 0:03:10]} 14. cxd5 {[%emt 0:03:52]} Bd6 {[%emt 0:03:37]} 15. Qe2+ {[%emt 0:05:36]} Kf8 {[%emt 0:00:02]} 16. Kg2 {[%emt 0:02:45]} b6 {[%emt 0:01:21]} 17. Qc4 {[%emt 0:04:39]} h5 {[%emt 0:04:21]} 18. a4 {[%emt 0:03:10]} Qf5 {[%emt 0:01:37]} 19. a5 {[%emt 0:04:39]} Nd7 {[%emt 0:02:40]} 20. Be4 {[%emt 0:03:44]} Qf6 {[%emt 0:00:09]} 21. h4 {[%emt 0:04:01]} Qd4 {[%emt 0:03:59]} 22. Qxd4 {[%emt 0:03:35]} cxd4 {[%emt 0:00:00]} 23. axb6 {[%emt 0:00:58]} axb6 {[%emt 0:00:09]} 24. Rd1 {[%emt 0:02:26]} Bc5 {[%emt 0:04:36]} 25. Bf4 {[%emt 0:03:29]} Re8 {[%emt 0:18:16]} 26. Re1 {[%emt 0:06:12]} g6 {[%emt 0:09:00]} 27. d6 {[%emt 0:02:52]} Ne5 {[%emt 0:01:46]} 28. Bxe5 {[%emt 0:02:47]} Rxe5 {[%emt 0:00:01]} 29. d7 {[%emt 0:00:03]} Kg7 {[%emt 0:02:43]} 30. Bc6 {[%emt 0:01:45]} Re6 {[%emt 0:02:45]} 31. Rxe6 {[%emt 0:01:10]} fxe6 {[%emt 0:00:00]} 32. Ra1 {[%emt 0:00:37]} Kf6 {[%emt 0:01:23]} 33. Ra7 {[%emt 0:01:05]} Ke5 {[%emt 0:02:14]} 34. f4+ {[%emt 0:02:30]} Kf6 {[%emt 0:00:04]} 35. Kf3 {[%emt 0:01:01]} e5 {[%emt 0:00:35]} 36. Rc7 {[%emt 0:02:01]} Rd8 {[%emt 0:00:36]} 37. Rc8 {[%emt 0:01:23]} Be7 {[%emt 0:00:03]} 38. fxe5+ {[%emt 0:02:38]} Kxe5 {[%emt 0:00:03]} 39. Bb5 {[%emt 0:00:16]} g5 {[%emt 0:01:01]} 40. hxg5 {[%emt 0:00:42]} Bxg5 {[%emt 0:00:00]} 41. Ke2 {[%emt 0:00:29]} h4 {[%emt 0:00:51]} 42. gxh4 {[%emt 0:00:22]} Bxh4 {[%emt 0:00:02]} 43. Kd3 {[%emt 0:00:39]} Be7 {[%emt 0:03:42]} 44. Rc7 {[%emt 0:01:51]} Kd5 {[%emt 0:00:32]} 45. Ba4 {[%emt 0:01:43]} Kd6 {[%emt 0:00:45]} 46. Rb7 {[%emt 0:03:39]} Kc5 {[%emt 0:00:12]} 47. Ke4 {[%emt 0:00:50]} Kb4 {[%emt 0:00:41]} 48. Bb3 {[%emt 0:00:56]} Kc5 {[%emt 0:00:38]} 49. Ke5 {[%emt 0:01:52]} Bd6+ {[%emt 0:00:21]} 50. Ke6 {[%emt 0:00:04]} b5 {[%emt 0:00:41]} 51. Bd5 {[%emt 0:01:16]} Bg3 {[%emt 0:00:15]} 52. Be4 {[%emt 0:00:39]} Bf4 {[%emt 0:00:38]} 53. Ra7 {[%emt 0:03:14]} Kb6 {[%emt 0:00:31]} 54. Ra1 {[%emt 0:00:02]} Kc7 {[%emt 0:00:36]} 55. Ra6 {[%emt 0:01:07]} Be3 {[%emt 0:00:31]} 56. Rc6+ {[%emt 0:00:15]} Kb8 {[%emt 0:00:01]} 57. Rb6+ {[%emt 0:00:38]} Ka7 {[%emt 0:00:00]} 58. Rxb5 {[%emt 0:00:04]} Bf2 {[%emt 0:00:10]} 59. Rh5 {[%emt 0:00:25]} Bg3 {[%emt 0:00:57]} 60. Ke7 {[%emt 0:01:47]} Bc7 {[%emt 0:00:23]} 61. Rc5 {[%emt 0:00:05]} Kb6 {[%emt 0:00:49]} 62. Rc6+ {[%emt 0:00:02]} Kb7 {[%emt 0:00:01]} 63. Bd5 {[%emt 0:00:04]} d3 {[%emt 0:01:23]} 64. cxd3 {[%emt 0:00:07]} Kb8 {[%emt 0:00:47]} 65. Ra6 {[%emt 0:00:05]} 1-0

[Event "USA-ch Online Qualifier 2021"]
[Site "Online"]
[Date "2020.12.16"]
[Round "4.1"]
[White "Hess, Robert"]
[Black "Yoo, Christopher Woojin"]
[Result "1/2-1/2"]
[WhiteElo "2591"]
[BlackElo "2455"]
[Annotator "TA"]
[PlyCount "207"]
[EventDate "2020.12.11"]
[EventType "tourn"]
[EventCountry "NET"]
[SourceTitle "playchess.com"]
[Source "ChessBase"]
[SourceQuality "1"]

{[%evp 13,206,0,4,0,46,39,39,44,50,43,45,39,54,41,96,85,70,78,75,66,77,79,73,39,39,39,40,39,40,38,34,37,41,38,46,31,55,50,34,29,30,30,29,29,29,29,29,29,29,29,29,29,35,31,32,30,37,31,31,32,32,23,27,0,30,30,25,26,38,30,29,23,23,23,23,8,23,23,23,22,23,23,23,10,10,10,16,12,16,0,10,16,16,9,9,9,9,16,17,17,23,8,8,10,8,8,27,0,0,0,26,26,26,0,26,26,26,0,0,0,25,25,25,25,30,31,31,30,30,30,39,8,11,0,40,21,21,21,25,25,25,23,46,19,10,11,11,9,46,46,46,46,46,46,89,89,89,89,89,89,89,89,89,89,89,89,89,89,89,89,89,89,89,8,8,8,8,8,8,8,8,8,8,8,8,8,8,8,8,8,8,8,8,8,8]} 1. d4 Nf6 2. c4 e6 3. Nf3 d5 4. Nc3 dxc4 5. Qa4+ c6 6. Qxc4 b5 7. Qd3 a6 8. Bg5 {D43: Semi-Slav: 5 Bg5 h6.} h6 9. Bxf6 Qxf6 10. g3 {White is slightly better.} Bb7 11. Bg2 Nd7 12. O-O Qd8 {[#]} 13. Ne4 $146 ({Predecessor:} 13. e4 Be7 14. Rfd1 O-O 15. d5 cxd5 16. exd5 exd5 17. Nxd5 Nf6 18. Nxe7+ Qxe7 19. Nd4 Bxg2 20. Kxg2 {½-½ (46) Faizrakhmanov,R (2371)-Elistratov,S (2206) Moscow 2015}) 13... c5 ({Black should try} 13... Be7 $14) 14. dxc5 $16 Nxc5 15. Nxc5 Bxc5 {[#]} 16. Qc3 $1 {[%cal Rc3c5]} Bxf3 17. Bxf3 Rc8 {Threatens to win with ...Bxf2+!} 18. Qxg7 Bd4 19. Qg4 Rc4 {[#] aiming for ...Bxf2+!} 20. Rad1 Bxf2+ $1 21. Kg2 Qxd1 $1 22. Rxd1 Rxg4 23. Bxg4 $14 {[%mdl 4096] Endgame KRB-KRB} Bc5 24. Rc1 Be7 25. Rc8+ Bd8 26. b4 O-O $1 27. Ra8 Be7 28. Rxa6 Bxb4 29. Rb6 Ra8 30. Rxb5 Be7 31. Rb2 Ra5 32. Bf3 Kg7 33. Bc6 Ra3 34. Bb5 h5 35. Bc4 h4 36. Rb7 Kf8 37. Rb8+ Kg7 38. Rb7 Kf8 39. gxh4 Bxh4 40. Bb3 Bf6 41. Rb4 Ra5 42. Rg4 Re5 43. Bc4 Ra5 44. Kf3 Ke7 45. Bb3 Rh5 46. Kg2 Re5 47. Bc4 Ra5 48. Rg3 Ra4 49. Bb3 Re4 50. Kf1 Rf4+ 51. Kg2 Re4 52. Bd1 Be5 53. Rd3 Rg4+ 54. Kh1 Bc7 55. h3 Rf4 56. Kg2 Bb6 57. a4 Rf2+ 58. Kg3 Rf1 59. Bb3 Re1 60. Kf3 Rf1+ 61. Kg3 {Cut Off at move 61} Re1 62. Rd2 Rg1+ 63. Kf3 Rh1 64. Kg2 Rg1+ 65. Kf3 Rh1 66. Kg2 Rg1+ 67. Kh2 Rg5 68. Bc4 Re5 69. Bb5 Rf5 70. Rd7+ Kf6 71. Rb7 Ba5 72. Bd3 Rf4 73. Bb5 Kg5 74. Be8 f5 75. Rg7+ Kf6 76. Rg6+ Ke7 $1 {[%cal Re7e8]} 77. Bb5 e5 78. Rg1 Kf6 79. Kg2 Kg5 80. Rf1 Rxf1 81. Kxf1 $11 {KB-KB} Kh4 82. Bd7 f4 83. Kf2 e4 84. Bf5 Bb6+ 85. Kg2 f3+ 86. exf3 exf3+ 87. Kxf3 Ba5 88. Ke4 Bb6 89. Kd5 Ba5 90. Kc6 Bd8 91. Kb5 Kg5 92. Bc8 Kh6 93. a5 (93. Ka6 $16) 93... Bxa5 $1 {The position is equal.} 94. Kxa5 Kg7 95. Kb5 Kh8 96. Kc5 Kg8 97. Kd5 Kh8 98. Ke5 Kg8 99. Kf6 Kh8 100. Kg6 Kg8 101. h4 Kh8 102. h5 Kg8 103. h6 Kh8 104. Be6 {Weighted Error Value: White=0.04/Black=0.04} 1/2-1/2

[Event "USA-ch Online Qualifier 2021"]
[Site "Online"]
[Date "2020.12.16"]
[Round "4.2"]
[White "Naroditsky, Daniel"]
[Black "Gareyev, Timur"]
[Result "1-0"]
[WhiteElo "2621"]
[BlackElo "2606"]
[Annotator "TA"]
[PlyCount "69"]
[EventDate "2020.12.11"]
[EventType "tourn"]
[EventCountry "NET"]
[SourceTitle "playchess.com"]
[Source "ChessBase"]
[SourceQuality "1"]

{[%evp 9,68,-11,8,-4,1,-9,-1,-15,-4,-14,-7,-8,-11,-9,0,-37,-47,-36,-44,-37,-41,-31,-21,-13,-7,-11,0,0,0,0,16,10,20,10,28,18,22,31,89,25,95,20,19,26,16,16,29992,29993,29993,29994,29994,29995,29995,-29973,29996,29997,29997,29998,29998,29999,29999]} 1. e4 e5 2. Bc4 Nf6 3. d3 Nc6 4. Nc3 Na5 5. Nge2 c6 6. Bb3 {C28: Vienna Game: 2...Nf6 3 Bc4 Nc6.} Bc5 7. O-O O-O 8. Bg5 {The position is equal.} h6 9. Bh4 Be7 {[#]} 10. d4 $146 ({Predecessor:} 10. Bg3 d6 11. f4 Ng4 12. Qd2 Qb6+ 13. Kh1 Qe3 14. Qe1 Nxb3 15. axb3 Qc5 16. Qd2 {1-0 (35) Heimann,A (2271)-Durarbayli,V (2620) chess.com INT 2019}) 10... d6 11. Qd3 b5 {[%cal Bb7b5,Bb5b4][%mdl 32]} 12. f4 exd4 13. Nxd4 b4 14. Na4 c5 15. Nf3 c4 16. Bxc4 Nxc4 17. Qxc4 Qa5 18. e5 $1 {[%cal Re5f6]} Ba6 19. Qb3 $1 Bxf1 20. exf6 Bb5 $1 21. fxe7 Rfc8 22. Qd5 Qxa4 23. Nd4 Be8 (23... Bc6 $14 24. Qxd6 Be8) 24. Re1 (24. f5 $1 $16) 24... Rab8 (24... Qa6 $1 $11 {keeps the balance.}) 25. Re3 (25. f5 $16) 25... Rc5 $1 $11 {[%cal Rc5d5]} 26. Qxd6 Rbc8 27. Rg3 $36 {[%mdl 2048] Qxh6 would kill now. White has the initiative.} Kh7 $2 {[%mdl 8192]} (27... Rxc2 $11 28. Nxc2 (28. Qxh6 $2 Rc1+ 29. Kf2 R8c2+ {[%mdl 64] Double Attack} 30. Kf3 Rf1+ 31. Ke3 Re1+ 32. Kf3 Bc6+ 33. Nxc6 Rc3+ 34. Kg4 Qd1+ 35. Rf3 Rxf3 $19) 28... Qxc2) 28. Rxg7+ $1 Kxg7 29. Qf6+ Kg8 {[#]} 30. Ne6 $1 {[%mdl 512]} fxe6 {[#]} 31. Qf8+ $1 Kh7 32. Bf6 {[%csl Gf6][%cal Rf8g7] White mates.} Rg5 33. fxg5 {[%csl Gf6][%cal Rf8g7]} Kg6 34. g4 {[%cal Rf8g8]} b3 35. Qg7# {Weighted Error Value: White=0.09/Black=0.35} 1-0

[Event "USA-ch Online Qualifier 2021"]
[Site "Online"]
[Date "2020.12.16"]
[Round "4.3"]
[White "Swiercz, Dariusz"]
[Black "Lenderman, Aleksandr"]
[Result "1/2-1/2"]
[WhiteElo "2649"]
[BlackElo "2624"]
[Annotator "TA"]
[PlyCount "203"]
[EventDate "2020.12.11"]
[EventType "tourn"]
[EventCountry "NET"]
[SourceTitle "playchess.com"]
[Source "ChessBase"]
[SourceQuality "1"]

{[%evp 31,202,44,38,37,41,31,57,8,8,8,12,8,8,8,12,12,10,15,26,11,76,68,68,81,76,68,74,20,26,0,71,77,110,140,165,102,98,98,127,109,166,174,151,151,264,202,213,131,264,261,259,0,259,0,217,210,254,254,243,156,185,173,270,281,252,262,255,282,347,389,381,364,372,352,295,255,242,258,239,200,221,220,309,52,52,52,52,52,52,52,1106,52,106,106,106,106,106,106,106,106,106,106,106,106,106,106,106,106,106,106,106,106,106,106,106,106,106,106,106,106,106,106,106,106,106,106,106,106,106,106,106,106,106,106,106,8,8,8,8,8,60,8,8,8,8,8,8,8,8,8,8,8,8,8,7,0,8,8,8,8,8,8,8,8,8,8,8,8,8,0,0,0,0]} 1. c4 c5 2. Nf3 g6 3. d4 cxd4 4. Nxd4 Nc6 5. e4 Nf6 6. Nc3 Nxd4 7. Qxd4 d6 8. f3 Bg7 9. Be3 O-O 10. Qd2 Be6 11. Rc1 Qa5 12. Be2 Rfc8 13. b3 a6 14. Na4 Qxd2+ 15. Kxd2 Nd7 16. g4 f5 17. exf5 {B36: Sicilian: Maroczy Bind: Gurgenidze System.} gxf5 18. h3 Rf8 19. Rhf1 {White is slightly better.} d5 20. Nc5 Nxc5 21. Bxc5 {[#]} dxc4 $146 ({Predecessor:} 21... fxg4 22. hxg4 Rfd8 23. Bb6 Rdc8 24. c5 Bd7 25. Rh1 Be5 26. Rcd1 {½-½ (26) Ribli,Z (2574)-Stevic,H (2512) Bled 2002}) 22. Bxc4 Bxc4 23. Rxc4 b5 24. Rc2 Rf7 25. Ke2 e5 (25... fxg4 $11 26. hxg4 Rc8) 26. Be3 $16 fxg4 27. hxg4 Rf6 28. Rc7 Raf8 29. Bc5 ({White should try} 29. g5 $16 R6f7 30. Rxf7 Kxf7 31. Rc1) 29... Re8 $11 30. Be3 Ref8 $1 31. g5 $36 {[%mdl 2048] White has strong initiative.} Re6 32. Rfc1 Rd8 33. Ra7 (33. R1c6 $1 $18 {[%cal Rc6e6]} Rde8 34. Rxe6 Rxe6 35. Kd3) 33... Rg6 $16 34. Rcc7 Rf8 35. Re7 Rc8 (35... h6 $16) 36. Kd3 $1 $18 Rf8 37. Ke4 Rc8 (37... h6 $16) 38. Rac7 Rf8 39. Rb7 Rc8 (39... h6 $16) 40. Rec7 Rf8 41. Re7 Rc8 $1 42. Rbc7 Rf8 43. Red7 Re8 44. Rf7 Rd8 45. Rcd7 Rc8 46. Ra7 Rd8 (46... h6 $142 47. Kf5 Rcc6 48. gxh6 Bxh6) 47. a4 bxa4 48. bxa4 a5 49. Rfc7 Rf8 50. Rxa5 h5 51. Raa7 h4 52. Rc2 h3 53. Rh2 Rc6 {Black hopes to continue with ...Rc4+.} 54. Rxh3 Rc4+ 55. Kd5 Rc3 56. Bb6 Rf4 (56... Rd3+ $142 57. Ke4 Rd2) 57. Rc7 $2 (57. Bc5 $18) 57... Rxc7 $14 58. Bxc7 Rxa4 {[%mdl 4096] Endgame KRB-KRB} 59. Ke6 Ra3 $1 60. Kf5 Re3 $2 {[%mdl 8192] [#]} (60... Kf7 $14) 61. Bb6 $2 {Cut Off at move 61} (61. Kg6 $1 $18) 61... Rb3 (61... Rd3 $14) 62. Bd8 $16 {Threatens to win with Kg6.} Kf7 {[#]} 63. Bf6 $1 Bxf6 64. gxf6 {KR-KR} Rb1 65. Rh7+ (65. Kxe5 $6 Rb5+ 66. Ke4 Kxf6 $11) 65... Kf8 66. Rd7 Rb2 67. Ke6 {[%cal Rd7d8]} Rb6+ 68. Rd6 (68. Kxe5 Rb2 $14) 68... Rb8 69. Ra6 (69. Kxe5 Rb1 $14) 69... Rc8 70. Ra7 (70. Kxe5 Rc1 $14) 70... Rc6+ 71. Kf5 ({But not} 71. Kxe5 Rc1 $14) 71... Rc1 72. Rd7 Rc2 73. Ke6 {[%cal Rd7d8]} Rc6+ 74. Rd6 ({Don't take} 74. Kxe5 Rc3 $14) 74... Rc8 75. Rb6 ({Don't do} 75. Kxe5 Rc3 $14) 75... Ra8 76. Rb4 Ra6+ 77. Kf5 Ra1 78. Rb6 Kf7 79. Rb7+ Kf8 80. Rd7 Ra2 81. Ke6 {[%cal Rd7d8]} Ra6+ 82. Rd6 Ra8 83. Kxe5 (83. Rb6 $16) 83... Ra1 $11 84. Rd7 (84. f4 {keeps more tension.} Re1+ 85. Kf5 Rb1 86. f7 Kxf7 87. Rd7+) 84... Re1+ 85. Kf5 Ra1 86. f4 (86. Rb7 $1 $14) 86... Rb1 {The position is equal.} 87. Ra7 Rc1 88. Rh7 Ra1 89. Rg7 Rb1 90. Rc7 Ra1 91. f7 Ra6 92. Kg5 Rg6+ 93. Kf5 {Threatening mate with Rc8+.} Ra6 94. Rd7 Rb6 95. Ke5 Ra6 96. f5 Rb6 97. Ra7 Rc6 98. Kf4 Rb6 99. Kg5 Rc6 100. f6 {Strongly threatening Ra8+.} Rc5+ 101. Kg6 {Ra8+ would kill now.} Rg5+ 102. Kxg5 {Black escapes into a draw.  Weighted Error Value: White=0.36/Black=0.18} 1/2-1/2

[Event "USA-ch Online Qualifier 2021"]
[Site "Online"]
[Date "2020.12.16"]
[Round "4.4"]
[White "Tang, Andrew"]
[Black "Moradiabadi, Elshan"]
[Result "1-0"]
[WhiteElo "2538"]
[BlackElo "2555"]
[Annotator "TA"]
[PlyCount "129"]
[EventDate "2020.12.11"]
[EventType "tourn"]
[EventCountry "NET"]
[SourceTitle "playchess.com"]
[Source "ChessBase"]
[SourceQuality "1"]

{[%evp 9,129,1,14,11,18,20,12,17,10,12,14,-11,31,32,31,22,30,40,14,32,39,0,31,12,0,0,0,0,0,0,0,0,0,0,0,0,0,0,10,8,5,5,6,-43,65,0,0,2,15,0,0,0,25,0,0,0,0,0,0,0,0,0,0,0,-5,-287,0,-547,0,0,0,0,9,0,188,8,377,368,344,12,23,12,20,25,29,0,8,8,8,16,105,105,1447,2272,1756,1677,810,734,730,389,389,385,29976,29977,29976,29978,29978,29979,29979,29980,29980,29981,29980,29980,29982,29979,29979,29980,29980,29981,29984,29985]} 1. d4 Nf6 2. Bf4 e6 3. e3 b6 4. Nf3 Bb7 5. Nbd2 d6 6. a4 {[#] A47: 1 d4 Nf6 2 Nf3 b6: Torre, London and Colle Systems.} Nc6 $146 ({Predecessor:} 6... a5 7. Bd3 Nbd7 8. h3 Be7 9. O-O O-O 10. Bh2 Re8 11. Qe2 Bf8 12. Nc4 Ne4 13. Nfd2 Nxd2 14. Nxd2 {½-½ (55) Batsiashvili,N (2457)-Divya,D (2305) chess.com INT 2020}) 7. Bd3 g6 8. c3 {The position is equal.} Bg7 9. O-O O-O 10. Qc2 h6 11. h3 Re8 12. Bh2 e5 13. a5 exd4 14. a6 Bc8 15. exd4 Bd7 16. b4 b5 17. Bxb5 Nxb4 $1 18. Qa4 $1 Bxb5 19. Qxb5 Rb8 20. Qa5 Nc6 21. Qa2 Qd7 22. d5 Ne7 {[%cal Bc6e7,Be7f5,Bf5d4,Bd4e2][%mdl 32]} 23. c4 Nf5 24. Rab1 Rb6 $1 25. Rxb6 cxb6 26. Rb1 (26. g4 $5 {[%cal Rg4f5]} Ne7 27. Re1 $11) 26... g5 (26... h5 $15) 27. g4 ({Better is} 27. Qc2 $14) 27... Nxg4 $11 28. hxg4 Nd4 29. Qa3 Qxg4+ 30. Kh1 Qh3 {aiming for ...Re2.} (30... Re2 $5 31. Rg1 $8 Qh3 $11) 31. Rg1 Ne2 {And now ...Bc3 would win.} 32. Rg2 g4 (32... Nf4 $5 33. Rg3 $8 Qd7 $11) 33. Qa4 Re7 34. Ng1 Nxg1 35. Rg3 Qh5 36. Rxg1 Re2 $1 {[%csl LRd2,LRf2]} 37. Nf1 $2 {[%mdl 8192]} (37. Qd1 $1 $11 Rxf2 38. Nf1) 37... Rxf2 $2 ({Black should play} 37... Qf5 $1 $19 {[%cal Rf5f3]} 38. Qd1 Qe4+ 39. Rg2 h5) 38. Qd7 $2 {[%mdl 8192] [#]} (38. Qd1 $1 $11 {and White stays safe.}) 38... f5 $2 (38... g3 $1 $19 {[%cal Rf2h2][%mdl 512]} 39. Qe8+ (39. Nxg3 Rxh2#) 39... Kh7 40. Rxg3 Rxf1+ 41. Kg2 Rc1) 39. Qxd6 (39. Qxa7 Qh3 $1 {[%mdl 512]} 40. Qa8+ Kh7 41. Qg8+ Kxg8 42. Rg3 Rxf1+ 43. Rg1 Qf3#) 39... Kh7 {Hoping for ...f4.} ({Don't blunder} 39... Qh3 $2 40. Qg3 $18) 40. Qg3 Rf3 41. Qg2 (41. Qc7 $2 Qh3 $19) 41... f4 $2 (41... Be5 $1 $11) 42. Qe2 $2 ({Not} 42. Nd2 Rh3 $11) (42. Qc2+ $1 $18 Kh8 43. d6) 42... Qf5 $2 {[%mdl 8192]} (42... Qe5 $11 {and Black is okay.} 43. Qc2+ Kg8) 43. Nd2 $18 Rd3 44. Bxf4 $2 ({Weaker is} 44. Qxg4 Qxg4 45. Rxg4 Rxd2 $14) ({White has to play} 44. Rxg4 $18 Re3 45. Qd1) 44... Rh3+ $11 45. Bh2 Be5 $1 46. Rg2 {Strongly threatening Rf2.} g3 {[%mdl 64] Pin} 47. Nf3 Bd6 48. Qe6 Qxe6 49. dxe6 {Rxg3! is the strong threat.} gxh2 {[%mdl 4096] Endgame KRB-KRN} (49... Kg6 $1 $11) 50. Rd2 $1 $16 {[%cal Rd2d6]} Bf4 $2 {[%mdl 8192]} (50... Bc5 $16 51. Nd4 Ra3) 51. Rd3 $1 $18 {White wants to mate with e7.} Kg7 52. e7 Kf7 {[#]} 53. Ne5+ $1 {[%mdl 576] Discovered Attack} Bxe5 54. Rxh3 Kxe7 55. Rxh6 {KR-KB} Bc7 $2 (55... Kd7 $18 56. Rxb6 Bd4 57. Rb7+ Kc6 58. Kxh2 Be5+ 59. Kh3 Bd4) 56. Rh8 {White mates.} Kd6 57. Ra8 b5 58. cxb5 Bb6 {[#]} 59. Rc8 $1 Bc7 {[#]} 60. Kg2 $1 {[%cal Rg2h1]} Kd7 61. Ra8 Bb6 62. Kxh2 Kc7 63. Rg8 Kd6 64. Rc8 Kd7 65. Rc6 {White used his chance. Accuracy: White = 72%, Black = 66%.} 1-0

[Event "USA-ch Online Qualifier 2021"]
[Site "Online"]
[Date "2020.12.17"]
[Round "5.1"]
[White "Tang, Andrew"]
[Black "Hess, Robert"]
[Result "1/2-1/2"]
[WhiteElo "2538"]
[BlackElo "2591"]
[Annotator "TA"]
[PlyCount "174"]
[EventDate "2020.12.11"]
[EventType "tourn"]
[EventCountry "NET"]
[SourceTitle "playchess.com"]
[Source "ChessBase"]
[SourceQuality "1"]

{[%evp 11,174,-2,8,8,0,0,21,0,0,-8,20,22,20,-13,23,7,34,30,51,37,43,27,44,34,77,13,151,-29,-25,-40,44,0,0,-11,-1,-143,7,-178,-153,-168,-152,-148,0,0,17,11,7,21,10,11,0,9,10,14,9,8,66,58,50,52,47,60,52,0,0,0,37,0,15,0,6,0,0,0,0,0,31,0,0,0,0,0,0,-18,-31,-12,-27,-42,-13,-88,13,13,16,16,16,16,16,16,16,16,20,20,20,20,20,20,20,16,17,17,18,16,16,0,16,16,16,16,16,16,16,16,16,16,16,16,16,16,16,13,52,52,52,52,52,52,52,52,55,55,55,55,55,69,85,0,0,0,0,0,0,0,0,0,0,0,8,8,8,0,8,0,8,0,8]} 1. d4 d5 2. Bf4 c5 3. e3 Nc6 4. Nf3 Nf6 5. Nbd2 e6 6. c3 Nh5 7. Bg5 {D02: 1 d4 d5 2 Nf3 sidelines, including 2...Nf6 3 g3 and 2...Nf6 3 Bf4.} f6 8. Bh4 g6 9. Bb5 {[#]} a6 $146 ({Predecessor:} 9... Bd7 10. dxc5 Bxc5 11. O-O O-O 12. e4 a6 13. Ba4 dxe4 14. Nxe4 Be7 15. Nfd2 Qc7 {0-1 (44) Grabinsky,A (2457)-Kaczur,F (2489) Budapest 2020}) 10. Ba4 b5 11. Bc2 cxd4 12. exd4 Bh6 13. Ne5 Nxe5 14. dxe5 Qc7 15. exf6 (15. Bxf6 Nxf6 16. exf6 b4 $15) 15... Qe5+ 16. Kf1 O-O 17. Nf3 Qf4 18. g3 ({Better is} 18. Kg1 $16) 18... Qc4+ (18... Qc7 $1 $11) 19. Bd3 $2 (19. Kg2 $16) 19... Qc7 $11 20. g4 Nf4 (20... Nxf6 $15 21. g5 {[%mdl 64] Double Attack} Ne4 22. gxh6 Rxf3) 21. g5 $14 e5 22. Bg3 e4 23. Qd2 (23. gxh6 exd3 24. Qd2 Rxf6 $15) (23. h4 $1 $11 Bg4 {[%mdl 64] Pin} 24. Be2 exf3 25. Bxf3 Bxf3 26. Qxf3 Qc4+ 27. Kg1) 23... Rxf6 ({Black should play} 23... Bh3+ $17 24. Kg1 Rxf6) 24. gxf6 $2 {[#]} (24. h4 $1 $11 Rf7 25. gxh6 exf3 26. Bxf4 Rxf4 27. h5) 24... Bh3+ $1 $19 25. Ke1 exd3 26. Nd4 (26. Bxf4 $2 Bxf4 27. Qxd3 Re8+ 28. Kd1 Bf5 $19) 26... Re8+ (26... Qe5+ $17 27. Kd1 Qxf6 28. Bxf4 Qxf4 29. Qxf4 Bxf4) 27. Kd1 $11 Re4 {And now ...Rxd4! would win.} 28. f3 Qe5 29. Re1 ({Avoid the trap} 29. fxe4 $2 Qh5+ 30. Ke1 Ng2+ 31. Qxg2 Bxg2 $19) 29... Qxf6 30. Bxf4 (30. fxe4 $2 {perishes.} Bg4+ 31. Kc1 Ne2+ 32. Nxe2 Bxd2+ 33. Kxd2 dxe2 $19) 30... Bxf4 31. Qxd3 Rxe1+ 32. Kxe1 Qh4+ $1 33. Ke2 {White wants to play Re1.} Qg5 ({Black should try} 33... Bd7 $1 $11 34. Kd1 Qxh2) 34. Re1 $1 $14 Qg2+ 35. Kd1 {Hoping for Ne2.} Qxb2 36. Qc2 Qa3 37. Re2 (37. Re8+ $14 Kg7 38. Ne2 Bxh2 39. Qd3 Qa4+ 40. Ke1 Qh4+ 41. Kd2) 37... Kf7 $11 38. Ke1 Kf6 39. Nb3 Bf5 40. Qd1 {aiming for Qd4+.} Qd6 41. Nd4 Bd7 42. Qc2 Qc5 {Strongly threatening ...b4.} 43. Qb2 Bd6 44. Kd1 Qc4 45. Qb3 Qc5 46. Rb2 Be5 (46... a5 {feels hotter.} 47. a3 Be5 48. Rd2 h5 49. Kc2 Bf4) 47. Qb4 Qxb4 {[%mdl 64] [#] Overworked Piece} 48. Rxb4 Bxh2 {[%mdl 4096] Endgame KRN-KB} 49. a4 Bd6 50. Rb2 (50. Rb1 $11 {keeps the balance.}) 50... Be5 (50... b4 $1 $17 51. Kd2 Bc5) 51. axb5 Bxd4 52. bxa6 Bg1 {Threatening ...Bc8.} ({But not} 52... Bxc3 $2 53. Rb6+ Ke7 54. a7 $18) 53. Rb7 Bc8 54. Rc7 Bxa6 {...Kf5 is the strong threat.} 55. Rc6+ {[%mdl 64] Double Attack} Ke5 56. Rxa6 {KR-KB} Be3 57. Ke2 Bf4 $1 58. Kd3 Kf5 59. Ra8 Be5 60. Rd8 Ke6 61. Re8+ {Cut Off at move 61} Kf5 62. Rd8 Ke6 63. c4 dxc4+ 64. Kxc4 Bf6 65. Ra8 h5 66. Kd3 Kf5 67. Ke3 Bg5+ 68. Kf2 Bf4 69. Rf8+ Kg5 70. Ke2 h4 71. Rh8 Be5 72. Rh7 Bf6 73. Kf2 Kf5 74. Kg2 g5 75. Kh3 Be5 76. Ra7 Bf4 77. Rf7+ Ke6 78. Rxf4 (78. Rf8 $16) 78... gxf4 {The position is equal.} 79. Kxh4 $16 {KP-KP} Kf5 80. Kh5 Kf6 81. Kg4 Ke5 82. Kg5 Ke6 83. Kxf4 {Kg5 would kill now.} Kf6 84. Kg4 {Intending Kf4 and mate.} Kg6 85. Kf4 Kf6 86. Kg4 {White wants to mate with Kf4.} Kg6 87. Kf4 {Threatening mate with Ke5.} Kf6 {Weighted Error Value: White=0.23/Black=0.21} 1/2-1/2